000
00191nam a2200109Ia 4500
100
_a
#N/A
942
_c
BK
245
_a
Ubuntu 11.4 Beta
260
_b
#N/A
546
_a
ENGLISH
999
_c
23511
_d
23511